• 首页
  • 本馆介绍
  • 公告通知
  • 最新文献
  • 馆藏检索
  • 电子资源
  • 读者导购
  • 参考咨询
  • 我的图书馆
  • 登录
  • 详细信息显示
  • 放入我的书架
  • 预约/预借图书
  • 作者相关作品
  • 分类相关作品
  • 丛书相关作品
  • 出版社相关作品

书目信息

  • 表格格式
  • 工作单格式
  • 卡片格式
书名: Applied analytical mathematics for physical scientists
作者: James T. Cushing.
分册号:
分册名:
出版地: New York :
 
出版社: Wiley
出版时间: [1975].
页数: xx, 651 p. :
开本: 24 cm.
丛书名:
中图分类号:
科图分类号:
其他分类号: H31:O1
主题词:
电子资源:
000 00742nam 2200253 4504
001 E0733958742
005 20070228092807.90
008 750321s1975 nyua b 00110 eng
010    @a75009611
020    @a0471189979 :@cCNY9.90.
040    @aDLC@cDLC@dCIN
050 00 @aQA300@b.C87
082    @a515/.02/45
090    @aP15/W11
090    @aH31:O1
099    @dH31:O1@ex4
100 1  @aCushing, James T.,@d1937-
245 10 @aApplied analytical mathematics for physical scientists / @cJames T. Cushing.
260 0  @aNew York :@bWiley,@c[1975].
300    @axx, 651 p. :@bill. ;@c24 cm.
500    @aIncludes index.
504    @aBibliography: p. 641-644.
650  0 @aMathematical analysis.
920    @a232010@z2
    
    Applied analytical mathematics for physical scientists / / James T. Cushing.-New York : : Wiley, , [1975].
    xx, 651 p. : : ill. ; ; 24 cm.
    Includes index.-Bibliography: p. 641-644.
    
    ISBN 0471189979 :CNY9.90.
    
●
相关链接 在E读中查询图书 在五车中查询图书 在当当中查询图书 在豆瓣中查询图书


正题名:Applied analytical mathematics for physical scientists     索取号:H31:O1/x4         预约/预借

序号 登录号 条形码 馆藏地/架位号 状态 备注
1 1593   000453477   第四借阅区/ [索取号:H31:O1/x4] 在馆    
唐山师范学院图书馆 欢迎您!
大连网信软件有限公司© 版权所有